000 002580000a22000970004500
100 1 _aBridges, Jerry
245 1 0 _aObedecer más bien que triunfar
300 _aVol. 4, Num. 4 (Febrero, 1996), Páginas 8-9
773 0 _tTemas de la vida cristiana
942 _cANA
999 _c53375
_d53375